Normal view MARC view
  • LaRocca, Charles J.,

Entry Personal Name

Number of records used in: 1

001 - CONTROL NUMBER

  • control field: 98594

003 - CONTROL NUMBER IDENTIFIER

  • control field: NUST

005 - DATE AND TIME OF LATEST TRANSACTION

  • control field: 20220829145253.0

008 - FIXED-LENGTH DATA ELEMENTS

  • fixed length control field: 220829|| aca||aabn | a|a d

040 ## - CATALOGING SOURCE

  • Original cataloging agency: NUST
  • Transcribing agency: NUST

100 ## - HEADING--PERSONAL NAME

  • Personal name: LaRocca, Charles J.,
  • Dates associated with a name: 1946-

670 ## - SOURCE DATA FOUND

  • Source citation: Work cat.: (NUST)173308: Crane, Stephen, 1871-1900. 12120, The red badge of courage., 1995.
© 2023 Central Library, National University of Sciences and Technology. All Rights Reserved.